MDQL
is popping MORE tags! Check the
thread
!
Quizzes
Events
Quiz Creation
Community
Videos
Private Events
Remove Ads
Sign In
Join for FREE
Feedback
Dark Mode
Quiz Categories
Sports
Geography
Music
Movies
Television
Just For Fun
Miscellaneous
History
Literature
Language
Science
Gaming
Entertainment
Religion
Holiday
For Kids
Quiz Lab
Recent
Popular Today
Quiz Kudos Today
Editor Picks
Curator Picks
Quizzes by...
Day
Popularity
Type
Ratings
Length
Year
Community
Subscriptions
Recent Discussions
Orange Saloon
Badges
Playlists
Quests
Create
Leaderboards
Showdown
Live 5
Trivia Bingo
Activity
Puzzle Library
Sporcle Events
Private Events
Virtual Trivia
Globe League
Become a Host
Pub Owners
SporcleCon
Opinionation
Our Games
Videos
Blog
Mobile Apps
Partnerships
Remove Ads and Go Orange
Feedback
Miscellaneous
Crossword
General Knowledge
Baby Names
Logo
Food
Cars
Numbers
Grab Bag
University
College
Popular
Company
Slogans
Restaurants
Justice
Letter
Miscellaneous
Crossword
General Knowledge
Baby Names
Logo
Food
Cars
Numbers
Grab Bag
University
College
Popular
Company
Slogans
Restaurants
Justice
Letter
Random Quiz
Search Sporcle
×
Quiz Lab
Quiz Lab
Miscellaneous
2013
Type in answers that appear in a list
Type in answers that appear in a list
Classic
Best Score? Go Orange.
100 names 2013 Stats
Can you name the Top 100 girls names of 2013
By
amh009
10m
100 Questions
55 Plays
55 Plays
55 Plays
Comments
Comments
Give Quiz Kudos
Give Quiz Kudos
-
- Ratings
hide this ad
Replay
Link that replays current quiz
Next Quiz
Link to next quiz in quiz playlist
You Got
0%
They Got
Avg Score
44%
Avg Friend Score
Upgrade to see
Score Distribution
Jump to the score distribution portion of the page
Score
0/100
Timer
10:00
0
Plays Today
2013
Name
% Correct
Emma
90.9%
Olivia
83.6%
Emily
83.6%
Sophia
81.8%
Sarah
80%
Grace
76.4%
Isabella
72.7%
Madison
72.7%
Ella
72.7%
Hannah
72.7%
Lily
70.9%
Ava
69.1%
Anna
69.1%
Victoria
69.1%
Sophie
67.3%
Elizabeth
67.3%
Chloe
65.5%
Isabelle
63.6%
Katherine
63.6%
Zoe
61.8%
Samantha
61.8%
Julia
61.8%
Maria
60%
Mia
58.2%
Alexandra
58.2%
Bella
58.2%
Charlotte
56.4%
Allison
56.4%
Alexis
56.4%
Natalie
54.5%
Eva
54.5%
Addison
52.7%
Aria
52.7%
Lillian
52.7%
2013
Name
% Correct
Arianna
50.9%
Evelyn
50.9%
Lucy
50.9%
Gabriella
50.9%
Lauren
50.9%
Aubrey
49.1%
Avery
49.1%
Ellie
49.1%
Audrey
49.1%
Taylor
49.1%
Kayla
49.1%
Amelia
47.3%
Hailey
47.3%
Maya
47.3%
Claire
47.3%
Stella
45.5%
Alyssa
45.5%
Caroline
45.5%
Madelyn
43.6%
Kaylee
43.6%
Brooklyn
43.6%
Leah
43.6%
Kylie
43.6%
Alice
43.6%
Riley
41.8%
Mackenzie
41.8%
Kaitlyn
40%
Savannah
40%
Peyton
40%
Ruby
40%
Sydney
40%
Layla
38.2%
Molly
38.2%
Bailey
38.2%
2013
Name
% Correct
Scarlett
36.4%
Nora
36.4%
Violet
36.4%
Sadie
36.4%
Jasmine
36.4%
Annabelle
34.5%
Makayla
34.5%
Harper
29.1%
Penelope
29.1%
Aaliyah
27.3%
Lila
23.6%
London
23.6%
Mila
21.8%
Kennedy
21.8%
Liliana
21.8%
Juliana
21.8%
Vivian
20%
Elena
18.2%
Reagan
18.2%
Giana
18.2%
Adalyn
16.4%
Keira
16.4%
Eliana
16.4%
Callie
16.4%
Camilla
16.4%
Jordyn
16.4%
Skyler
14.5%
Alaina
12.7%
Adeline
12.7%
Charlie
10.9%
Abigial
7.3%
Kaelyn
7.3%
Quiz Playlist
Details
Report
Send in Message
Add To Playlist
Classic:
Type in answers that appear in a list
Last Updated: Feb 16, 2017
Quiz Scoreboard
CHALLENGE
Sign Up to Join the Scoreboard
Show All
Scores
Hide
Comments
May contain spoilers
Recently Published
Holiday 10x10 Sorting Gallery
by lukepisani3
Holiday
15m
Two Season TV Shows II
by 123Four
Television
10m
Image Sorting: Flags VI
by Barbecue
Geography
2m
More to Explore
Quiz From the Vault
Featured Blog Post
14 Easter Pick-up Lines to Find Eggs With
hide this ad
You Might Also Like...
Tags
100
2013
girl
Top 100
Today's Top Quizzes in Miscellaneous
Browse Miscellaneous
hide this ad
Today's Top Quizzes in 2013
Browse 2013
Top Contributed Quizzes in Miscellaneous
1
The JOE quick-fire general knowledge quiz: Day 174
2
9x9 Crossword: Disney Movie Titles
3
The JOE quick-fire general knowledge quiz: Day 173
4
5-to-1: Fast Food
5
9x9 Crossword: Charlie and the Chocolate Factory
6
9x9 Crossword: The Simpsons
7
9x9 Crossword: Flags
8
9x9 Crossword: Actors
9
9x9 Crossword: 2022 Movies
10
9x9 Crossword: Pixar Movie Titles
Explore More
Trending Topics
Anime
Marvel
Harry Potter
Kpop
Disney
Crossword
NBA
Puzzle
Country
The Office
Pokémon
Soccer
Song
WWE
NFL
hide this ad
More By:
amh009
Quiz
Plays
Rating
Category
Featured
Created
100 names 2013
55
2.00
Miscellaneous
Dec 23, 2013
Go to Creator's Profile
Score Distribution
Quiz Creator Spotlight
amh009
Follow
Send a Message
Quizzes Created
-
Created Quiz Play Count
-
More By This Creator
Popular Quizzes Today
1
Find the US States - No Outlines Minefield
2
Colored Red Africa Blitz
3
Find the 'City' Movie
4
The Countries of the World
5
5x2 Blitz: Bands
6
Find the US States
7
Find the Countries of Europe - No Outlines Minefield
8
US States
More Miscellaneous Quizzes
One Deadly Decoy: Miscellaneous
Published
Trending Quizzes
Colored Red Europe Blitz I
Colored Red Europe Blitz II
Colored Red Africa Blitz II
Colored Red Europe Blitz III
Colored Red Africa Blitz III
Recently Updated
Odd Team Out - Big 4 Players
pecheneg
Quick Pick: 20 Twenties
pecheneg
March Madness Men's Triple Doubles
pecheneg
How Do You Spell That?
pecheneg
Godzilla Movies
pecheneg
Grab Bag: 4-10 Letters
pecheneg
2024 March Madness Bracket
pecheneg
Famous TV Couples
Peacemaker
Champions League XIs: Real Madrid
pecheneg
Largest US Cities 1790-2010
pecheneg
Trending Topics
NBA
Crossword
Anime
Marvel
Disney
Kpop
Harry Potter
Pokémon
WWE
The Office
Puzzle
Country
NFL
Song
Soccer
Your Account Isn't Verified!
In order to create a playlist on Sporcle, you need to verify the email address you used during registration. Go to your
Sporcle Settings
to finish the process.
Report this User
Report this user for behavior that violates our
Community Guidelines
.
Details:
Send Report
Go to the Sporcle.com Mobile Site →
Comments